00571nam a22001457a 4500003000400000005001700004008004100021040001400062100004900076245012600125260000900251300003000260500011100290504002400401OSt20171010095439.0120607t xxu||||| |||| 00| 0 eng d aMMSUcULS aLacuesta, Malumae B., Arizabal, Love-lyn I.  aWeb-based instructional learning package for cmpSc III Computer Programming IcMalumae B. Lacuesta, Love-lyn I. Arizabal  c2007 aix, [86] leaves c28 cm.  aThesis (BS Computer Science) -- Mariano Marcos State University-College of Arts and Sciences, Batac City  aBibliography: none